| 000 | 00422nam a2200169Ia 4500 | ||
|---|---|---|---|
| 999 |
_c30025 _d30025 |
||
| 003 | OSt | ||
| 005 | 20250917132948.0 | ||
| 008 | 250310s9999||||xx |||||||||||||| ||und|| | ||
| 040 | _c. | ||
| 082 |
_a843 _bM457 |
||
| 100 |
_96395 _aMaurois, André |
||
| 245 | 0 |
_aSeptember Roses / _cby André Maurois |
|
| 260 |
_aLondon : _bThe bodley head, _c1958. |
||
| 300 | _a224 p. | ||
| 650 | 0 |
_94331 _aFrench Fiction |
|
| 942 |
_cBK _2ddc |
||